Guess the Album Songs - Folklore - Statistics

General Stats
  • This quiz has been taken 83 times
  • The average score is 16 of 17
Answer Stats
Answer % Correct
August
100%
Betty
100%
Cardigan
100%
Hoax
96%
Peace
96%
The 1
96%
Illicit Affairs
95%
Seven
95%
The Lakes
95%
The Last Great American Dynasty
95%
Exile
93%
Mirrorball
93%
My Tears Ricochet
93%
Invisible String
91%
Epiphany
89%
This Is Me Trying
88%
Mad Woman
86%
No matching quizzes found
Score Distribution
Percent of People with Each Score
Percentile by Number Answered
Your Score History
You have not taken this quiz